000 01856nam a22001577a 4500
041 _aukr
080 _a09
090 _bОГЕ
100 _aОгей М. В.
245 _aПсихолінгвістичні особливості використання пліток у сучасній англомовній публіцистиці (гендерний аналіз)
260 _aОстрог
_bКАФ
_c2012
300 _a77
520 _aРОЗДІЛ 1 РОЛЬ І ЗНАЧЕННЯ ЗАСОБІВ МАСОВОЇ ІНФОРМАЦІЇ У ФОРМУВАННІ СВІДОМОСТІ РЕЦИПІЄНТІВ 1.1 Мас медіа як різновид масової комунікації 1.2 Психолінгвістичні особливості формування гендерної нерівності засобами масової інформації РОЗДІЛ 2 РОЛЬ МАС МЕДІА У ПОШИРЕННІ ПЛІТОК ТА ЇХ ВПЛИВІ НА ЛЮДСЬКУ СВІДОМІСТЬ 2.1 Підходи, моділі і концепції впливу мас медіа на реципієнта 2.2 Плітки як ефективний спосіб маніпуляції свідомістю реципієнтів РОЗДІЛ 3 ПСИХОЛІНГВІСТИЧНІ МЕТОДИ ДОСЛІДЖЕННЯ ПЛІТОК У АНГЛІЙСЬКІЙ ПУБЛІЦИСТИЦІ (ГЕНДЕРНИЙ ПІДХІД) 3.1 Психолінгвістична експертиза метод встановлення психолінгвістичних хмістовних ознак у ЗМІ (гендерний аналіз) 3.2 Контент-аналіз метод психолінгвістичної діагностики мас медійного тексту
_0гендер, плітки
650 _aResearch Papers
999 _c284985
_d284985
942 _cBK